Многосвязная система управления высоковольтным источником питания; Перспективы развития фундаментальных наук; Т. 7 : IT-технологии и электроника

Detalles Bibliográficos
Parent link:Перспективы развития фундаментальных наук=Prospects of Fundamental Sciences Development: сборник научных трудов XV Международной конференции студентов, аспирантов и молодых ученых, г. Томск, 24-27 апреля 2018 г./ Национальный исследовательский Томский политехнический университет (ТПУ) ; под ред. И. А. Курзиной, Г. А. Вороновой.— , 2018
Т. 7 : IT-технологии и электроника.— 2018.— [С. 150-152]
Autor principal: Попов А. С. Александр Сергеевич
Autor Corporativo: Национальный исследовательский Томский политехнический университет Инженерная школа ядерных технологий Отделение ядерно-топливного цикла
Otros Autores: Меняйло И. Е. (научный руководитель), Обходский А. В. Артем Викторович
Sumario:Заглавие с экрана
In this paper, we present the results of a theoretical study of promising directions for constructing high-power power supplies, including the composition of the diagnostic functions, the list of controlled parameters, the methods for controlling the output voltage and current level. The new scientific result is the architecture of the hardware-software complex of high-voltage power supplies ensuring the stability of supply voltage characteristics over a wide range of variation with continuous and continuous operation.
Lenguaje:ruso
Publicado: 2018
Materias:
Acceso en línea:http://earchive.tpu.ru/handle/11683/50942
Formato: Electrónico Capítulo de libro
KOHA link:https://koha.lib.tpu.ru/cgi-bin/koha/opac-detail.pl?biblionumber=627702

MARC

LEADER 00000naa2a2200000 4500
001 627702
005 20231101133456.0
035 |a (RuTPU)RU\TPU\conf\27677 
035 |a RU\TPU\conf\27672 
090 |a 627702 
100 |a 20180921d2018 k y0rusy50 ca 
101 0 |a rus  |d eng 
102 |a RU 
105 |a y z 100zy 
135 |a drgn ---uucaa 
181 0 |a i  
182 0 |a b 
200 1 |a Многосвязная система управления высоковольтным источником питания  |d Multi-compatible control system of high-voltage source  |f А. С. Попов, И. Е. Меняйло  |g науч. рук. А. В. Обходский 
203 |a Текст  |c электронный 
230 |a 1 компьютерный файл (pdf; 208 Kb) 
300 |a Заглавие с экрана 
320 |a [Библиогр.: с. 152 (5 назв.)] 
330 |a In this paper, we present the results of a theoretical study of promising directions for constructing high-power power supplies, including the composition of the diagnostic functions, the list of controlled parameters, the methods for controlling the output voltage and current level. The new scientific result is the architecture of the hardware-software complex of high-voltage power supplies ensuring the stability of supply voltage characteristics over a wide range of variation with continuous and continuous operation. 
461 1 |0 (RuTPU)RU\TPU\conf\26928  |t Перспективы развития фундаментальных наук  |l Prospects of Fundamental Sciences Development  |o сборник научных трудов XV Международной конференции студентов, аспирантов и молодых ученых, г. Томск, 24-27 апреля 2018 г.  |o в 7 т.  |f Национальный исследовательский Томский политехнический университет (ТПУ) ; под ред. И. А. Курзиной, Г. А. Вороновой  |d 2018 
463 1 |0 (RuTPU)RU\TPU\conf\26935  |t Т. 7 : IT-технологии и электроника  |v [С. 150-152]  |d 2018 
510 1 |a Multi-compatible control system of high-voltage source  |z eng 
610 1 |a электронный ресурс 
610 1 |a труды учёных ТПУ 
610 1 |a многосвязные системы 
610 1 |a системы управления 
610 1 |a источники питания 
610 1 |a аппаратно-программные комплексы 
610 1 |a высоковольтные системы 
700 1 |a Попов  |b А. С.  |c физик  |c инженер-проектировщик Томского политехнического университета  |f 1992-  |g Александр Сергеевич  |2 stltpush  |3 (RuTPU)RU\TPU\pers\37042 
701 1 |a Меняйло  |b И. Е. 
702 1 |a Обходский  |b А. В.  |c специалист в области атомной энергетики  |c доцент Томского политехнического университета, кандидат технических наук  |f 1982-  |g Артем Викторович  |2 stltpush  |4 727 
712 0 2 |a Национальный исследовательский Томский политехнический университет  |b Инженерная школа ядерных технологий  |b Отделение ядерно-топливного цикла  |h 7864  |2 stltpush  |3 (RuTPU)RU\TPU\col\23554 
801 2 |a RU  |b 63413507  |c 20181005  |g RCR 
856 4 |u http://earchive.tpu.ru/handle/11683/50942 
942 |c BK